书目信息 |
| 题名: |
世界指纹史
|
|
| 作者: | 海因德尔 著 ;刘持平 , 何海龙 , 王京 译 | |
| 分册: | ||
| 出版信息: | 北京 中国人民公安大学出版社 2008 |
|
| 页数: | 305页 | |
| 开本: | 25cm | |
| 丛书名: | ||
| 单 册: | ||
| 中图分类: | D918.91 | |
| 科图分类: | ||
| 主题词: | 指纹学--历史--世界 , 指纹学 | |
| 电子资源: | ||
| ISBN: | 978-7-81109-789-4 | |
| 000 | 01027nam0 2200289 450 | |
| 001 | 1256544633 | |
| 005 | 20121003154259.25 | |
| 010 | @a978-7-81109-789-4@dCNY48.00 | |
| 100 | @a20080516d2008 em y0chiy50 ea | |
| 101 | 1 | @achi@cger |
| 102 | @aCN@b110000 | |
| 105 | @aac z 000yy | |
| 200 | 1 | @a世界指纹史@Ashi jie zhi wen shi@f(德)罗伯特·海因德尔著@g刘持平,何海龙,王京译 |
| 210 | @a北京@c中国人民公安大学出版社@d2008 | |
| 215 | @a305页@c肖像,图@d25cm | |
| 312 | @a封面英文题名:World history of fingerpint | |
| 330 | @a本书内容包括:指纹的历史、指纹的生理学基础、指纹登记法以及其他鉴定方法等。 | |
| 510 | 1 | @aWorld history of fingerpint@zeng |
| 606 | 0 | @a指纹学@x历史@y世界 |
| 606 | 0 | @a指纹学 |
| 690 | @aD918.91@v4 | |
| 701 | 0 | @c(德)@a海因德尔@Ahai yin de er@c(Heindl,Robert@f1883~1958)@4著 |
| 702 | 0 | @a刘持平@Aliu chi ping@f(1952.12~)@4译 |
| 702 | 0 | @a何海龙@Ahe hai long@f(1980~)@4译 |
| 702 | 0 | @a王京@Awang jing@c(女,@f1960~)@4译 |
| 801 | 0 | @aCN@bNLC@c20101222 |
| 905 | @a10447@dD918.91@eJY57 | |
| 世界指纹史/(德)罗伯特·海因德尔著/刘持平,何海龙,王京译.-北京:中国人民公安大学出版社,2008 |
| 305页:肖像,图;25cm |
| ISBN 978-7-81109-789-4:CNY48.00 |
| 本书内容包括:指纹的历史、指纹的生理学基础、指纹登记法以及其他鉴定方法等。 |
| ● |
| 相关链接 |
|
|
|
|
正题名:世界指纹史
索取号:D918.91/JY57
 
预约/预借
| 序号 | 登录号 | 条形码 | 馆藏地/架位号 | 状态 | 备注 |
| 1 | 7812810 | 278128107 | 学院路分馆/ [索取号:D918.91/JY57] | 在馆 | |
| 2 | 7812811 | 278128116 | 学院路分馆/ [索取号:D918.91/JY57] | 在馆 |